| 000 | 00518nam a2200181Ia 4500 | ||
|---|---|---|---|
| 008 | 191130s2006##################000#0#eng## | ||
| 020 | _a9780335218073 | ||
| 040 |
_aACL _cACL |
||
| 082 | _a338.542 CRI | ||
| 245 |
_aCritical readings : moral pains and the media _cedited by chas critcher |
||
| 260 |
_aMaidenhead _bOpen University Press _c2006 |
||
| 300 | _a329 p.; 24 cm | ||
| 650 | _aEconomics | ||
| 700 | _aCritcher, chas | ||
| 990 | _a6ce81d8aac10000c5a8ea9d2b3f68a29 | ||
| 991 | _a184445 | ||
| 999 |
_c142043 _d142043 |
||